000 00383nam a2200157Ia 4500
008 230711s9999||||xx |||||||||||||| ||und||
041 _aENG
082 _a5
_bHO-C
100 _aHorowitz,Ellis
245 0 _aComputer algorithm c++
250 _a1st Ed.
260 _c2007
_aNew Delhi
_bGalgotia Publications Pvt.Ltd
300 _a769
650 _aComputer Engineering
942 _cBK
999 _c4862
_d4862